000 00463cam a2200193 4500
001 D9164
008 090401t1975 xxu||||| |||| 00| 0 eng d
035 _a(Sirsi) u94835
041 _aeng
050 _a690
100 _aTaylor, H.
245 _aRevision notes for construction technology students
250 _a2nd
260 _aLondon
_bNewnes / Butterworths
_c1975
300 _a73p. illus. 25cm
350 _a1.75
942 _n0
948 _c04/03/1997
999 _c98204
_d98204